Größte Städte in Oberfranken - Statistiken

Allgemein
  • Dieses Quiz wurde 256 mal gespielt
  • Das Durchschnittsergebnis liegt bei 13 aus 20
Antwortstatistiken
Einwohner Kreis Stadt % Korrekt
77.373 kreisfrei Bamberg
100%
74.783 kreisfrei Bayreuth
97%
41.072 kreisfrei Coburg
97%
20.142 Lichtenfels Lichtenfels
97%
45.825 kreisfrei Hof (Saale)
96%
25.866 Kulmbach Kulmbach
96%
32.260 Forchheim Forchheim
95%
16.815 Kronach Kronach
94%
9.295 Wunsiedel Wunsiedel
91%
15.173 Coburg Neustadt bei Coburg
54%
10.434 Lichtenfels Bad Staffelstein
52%
14.895 Wunsiedel Selb
48%
17.228 Wunsiedel Marktredwitz
47%
8.583 Bamberg Hallstadt
44%
13.263 Bayreuth Pegnitz
38%
12.380 Bamberg Hirschaid
37%
10.107 Hof Münchberg
36%
13.169 Coburg Rödental
36%
9.398 Hof Rehau
27%
8.850 Bamberg Memmelsdorf
26%
Keine übereinstimmenden Quizze gefunden
Verteilung der Resultate
Anzahl Personen mit jedem Resultat
Perzentil nach korrekt beantworteten Fragen
Ihre Resultats-Entwicklung
Sie haben dieses Quiz noch nicht gespielt